| 000 | 00422nam a22001457a 4500 | ||
|---|---|---|---|
| 008 | 230503b |||||||| |||| 00| 0 eng d | ||
| 040 |
_aNational Science Library _cNational Science Library |
||
| 080 |
_a539.21.5 _bN2 |
||
| 100 | _aPillai, S O | ||
| 245 | _aSolid state electronic engineering materials | ||
| 260 |
_aNew Delhi: _bWiley Eastern Limited _c1992 |
||
| 300 | _a388p. | ||
| 650 | _aScience | ||
| 942 |
_2udc _cBK |
||
| 999 |
_c26670 _d26670 |
||